000
00273nam a22001217a 4500
008
170713b xxu||||| |||| 00| 0 eng d
041
_a
eng
080
_a
32
100
_a
20
101
_a
SHP
245
_a
POLITICS OF THE DEVELOPING NATIONS
_c
MEHDEN,F.R
942
_2
udc
_c
BK
999
_c
20664
_d
20664